000 00998nam0a22002651 4500
001 rc\2236219
005 20110829181225.2
035 _a(NLR Aleph) 006648165
090 _a4765649
_c4765649
100 _a20110829d1978 |||y0rusy50 ca
101 0 _arus
102 _aRU
105 _ay z |||||
200 1 _aЗначение показателей надежности нейтронного генератора НГ-150М
210 _aЛенинград
_cНИИЭФА
_d1978
215 _a7 с.
_cграф.
_d30
225 1 _aПрепринт
_fГос. ком. по использованию атом. энергии СССР, НИИ электрофиз. аппаратуры им. Д.В. Ефремова
_vД-0384
320 _aБиблиогр.: с. 7
700 1 _aЦепакин
_bС. Г.
_gСтанислав Георгиевич
801 0 _aRU
_bNLR
_gpsbo
801 1 _aRU
_bELAR
_2rusmarc
852 _aNLR
_j78-8/1037
899 _aRuMoRGB
_jБ 75-32/19
942 _cBOOK
980 _aNB